| 000 | 01347nam a22003137i 4500 | ||
|---|---|---|---|
| 003 | DO-SdBNP | ||
| 005 | 20260129102427.0 | ||
| 007 | ta | ||
| 008 | 250415b2023 |||||||| |||| 00| 0 eng d | ||
| 020 | _a9789945189511 | ||
| 040 |
_aDO-SdBNP _bspa _cBNPHU _erda |
||
| 041 | _hspa | ||
| 082 |
_a658.3 _bM839g _222 |
||
| 100 | 1 |
_aMorel Ramos, Rafael Alejandro _eautor _987203 |
|
| 245 | 1 | 0 |
_aGestión : _bla eficacia de una empresa radica en la capacidad de gestión de su gente / _cRafael Alejandro Morel, Rafael Antonio Vargas |
| 250 | _aPrimera edición | ||
| 264 |
_aSanto Domingo : _bIndependently Published, _c2023. |
||
| 300 |
_a514 Páginas ; _c24 cm |
||
| 336 |
_ardacontent _btexto _2txt |
||
| 337 |
_ardamedi _bsin mediación _2n |
||
| 338 |
_ardacarrier _bvolumen _2nc |
||
| 505 | _aAgradecimientos 1 -- Introducción general 5 -- Acerca de este libro 8 -- 1. Cultura organizacional 18 -- 2. Dirección estratégica 94 -- 3. Operaciones 179 -- 4. Gestión humana 231 -- 5. Kaizen 276 -- 6. Liderazgo 369 -- 7. Servicio memorable 415 -- 8. Sinergia 465 -- 9. La empresa familiar 498 -- 10. Decalogo 509 -- 11. Biobliografía 511 | ||
| 590 | _aInventariado, 2025/DG | ||
| 650 | 4 |
_aAdministración _920440 |
|
| 650 | 0 |
_aComportamiento organizacional _91583 |
|
| 700 |
_aVargas, Rafael _eautor _966275 |
||
| 910 | _aDG | ||
| 942 |
_2ddc _cLBS1 |
||
| 999 |
_c58427 _d58427 |
||